00359nam a2200133Ia 450000500170000000800410001702000150005808200130007310000180008624500290010426000370013330000170017065000380018720250405141024.0240331s9999 xx 000 0 und d a9558637157 bSANa894 aSanmugadas, A 0aSangha ilakkiya aaivukal aColombobSouth Asian Booksc2002 aix, 190 p ., aSangakala illakiyam patriya aayvu